Every Track The BTCC Has Raced At - Statistics

General Stats
  • This quiz has been taken 124 times
  • The average score is 11 of 17
Answer Stats
Years Active Location Answer % Correct
1958-Present Kent, England Brands Hatch
96%
1958-2006, 2008-Present Northamptonshire, England Silverstone Circuit
96%
1977-1979, 1981-Present Leicestershire, England Donington Park
91%
1958-1967, 1969-1971, 1974-1976, 1979, 1984-Present Norfolk, England Snetterton Circuit
84%
1968-Present Hampshire, England Thruxton Circuit
83%
1960-1972, 1974-1985, 1987-Present Cheshire, England Oulton Park
82%
1992-2002, 2004-Present Fife, Scotland Knockhill Racing Circuit
79%
1968-1971, 1997-Present North Yorkshire, England Croft Circuit
63%
2003, 2007-2018 Northamptonshire, England Rockingham Motor Speedway
58%
1958-1959, 1961-1964 Liverpool, England Aintree Motor Racing Circuit
54%
2001-2006 Caragh, Ireland Mondello Park
49%
1988-1990 Birmingham, England Birmingham Superprix
47%
1958-1959, 1961-1966 West Sussex, England Goodwood Circuit
41%
1958, 1960, 1967-1969, 1971-1972, 1974-1976, 1979-1982 Leicestershire, England Mallory Park
41%
1958-1959, 1961-1966, 1968-1972 London, England Crystal Palace
40%
1992-1993 Carmarthenshire, Wales Pembrey Circuit
39%
1973-1975 Edinburgh, Scotland Ingliston
12%
No matching quizzes found
Score Distribution
Percent of People with Each Score
Percentile by Number Answered
Your Score History
You have not taken this quiz